00681nam a22002177a 4500003000500000005001700005008004100022010001000063011001000073035001000083040000900093100002000102245010200122260005500224300001000279490003700289650002700326650003900353700003400392830003700426CHAP20220329140044.0971013s1983 r 00010 d a46322 a47294 a51436 cCHAP00aPerera, Eddy T. aCombate contra las pudriciones de postcosecha en naranjas (Citrus sinensis Osbeck, var. Valencia) a(La Habana) :bAcademia de Ciencias de Cuba,c1983 a13 p. aReporte de investigaciónv; 1114aNaranjaxEnfermedades.14aPudrición de la raízxNaranja.0 aAcademia de Ciencias de Cuba.0 aReporte de investigaciónv; 11